000 00522pab a2200157 454500
008 180718b1993 xxu||||| |||| 00| 0 eng d
100 _aMawar, Nita, et.al.
245 _aUnderstanding the employment, income in relation to the status of tribal women
_ba case study of Gonds in Madhya Pradesh.
260 _c1993
300 _ap.87-94
362 _aDec
650 _aTribes - India - Madhya Pradesh - Case studies
650 _aWomen - India - Madhya Pradesh - Case studies
773 _aSocial Change
909 _a29678
999 _c29678
_d29678